000 00540nam a2200181Ia 4500
008 090124s9999 xx 000 0 und d
082 _b130749
100 _aशेवडे शैलजा भालचंद्र
245 _a भुईनळा
250 _a1
260 _c2002
300 _a160
600 _aशेवडे शैलजा भालचंद्र
630 _a भुईनळा
700 _aशेवडे शैलजा भालचंद्र
730 _a भुईनळा
942 _cBOOK
999 _c176838
_d176838